12 Months in 15 Seconds - December to January - Statistics

General Stats
  • This quiz has been taken 58 times
  • The average score is 6 of 12
Answer Stats
month % Correct
December
100%
November
80%
October
72%
September
72%
August
60%
July
48%
June
40%
May
28%
April
24%
March
16%
February
8%
January
4%
No matching quizzes found
Score Distribution
Percent of People with Each Score
Percentile by Number Answered
Your Score History
You have not taken this quiz